| 000 | 00864nam a22002533i 4500 | ||
|---|---|---|---|
| 001 | 80456) | ||
| 003 | BD-RjUL | ||
| 005 | 20220928111617.0 | ||
| 008 | 220928s1931 ii ||| | urd d | ||
| 020 | _c: Rs 12.50 | ||
| 035 | _a(BD-RjUL)80456) | ||
| 040 |
_aUkOxU _beng _erda _cUkOxU |
||
| 041 | _aurd | ||
| 082 |
_223 _a297.1225 _bAHT 1931 |
||
| 100 |
_aاحمد, ابو الكلام # # Ahmad, Abu Al Kalam _94739 |
||
| 245 | 1 | 0 |
_aترجمان القران # # Tarjuman al-Qurʼān / _cAbul Kalam Ahmad # # ابو الكلام احمد |
| 264 | 1 |
_aLahore : _bMaktubat - i - Ashaat adab, _c1931 |
|
| 300 |
_avolumes ; _c25 cm |
||
| 500 | _aVolume 1-3 | ||
| 505 | _aVol. 1. urdu translation of the holy quran with commentary.-- | ||
| 520 | _aTarjumanul Quran Urdu | ||
| 650 |
_aQuran Glossaires, vocabulaires, _94740 |
||
| 942 |
_2ddc _cBK |
||
| 999 |
_c80456 _d80456 |
||